| 000 | 00852nam a2200277Ia 4500 | ||
|---|---|---|---|
| 001 | Z_287 | ||
| 003 | CHAP | ||
| 008 | 220113s1968 xx 000 0 und d | ||
| 010 | _a163262 | ||
| 040 | _cCHAP | ||
| 090 | _aTesis A 430 | ||
| 100 |
_aArias Bejarano, Salomón _97040 |
||
| 245 |
_aEstimación de la energía metabolizable del sorgo a partir de su análisis químico / _cpor Salomón Arias Bejarano y Amador Callejas Alarcón |
||
| 260 |
_aChapingo, Méx. : _bEl autor, _c1968 |
||
| 300 | _a76 h. | ||
| 502 | _aTesis (Ing. Agrónomo Esp. en Zootecnia) -- UACH. Departamento de Zootecnia | ||
| 650 |
_aEnergía metabólica _936906 |
||
| 650 |
_aSorgo _xValor nutritivo _9108733 |
||
| 700 |
_aCallejas Alarcón, Amador _9137558 |
||
| 901 | _aTESIS A 430 | ||
| 902 | _aM | ||
| 910 | _a1968 | ||
| 942 | _c2 | ||
| 942 | _c2 | ||
| 999 |
_c163262 _d163262 |
||